Hommage a Oskar Elschek

Bibliographic Details
Main Author: Chalupka, Ľubomír, 1945-2020 (Author)
Format: Article
Language:Slovak
PhysicalDescription:Fotogr.
ISSN:1335-4140
Subjects:

MARC

LEADER 00000nab a2200000 a 4500
001 vtls000774107
003 SK-MaSNL
005 20260305003741.0
008 250429c2001 xo 0 slo
015 |a SNBRB2001/11-31380 
035 |a CLN000125894 
035 |a urn:nbn:sk:snk-ab2180 
035 |a (urnnbn)urn:nbn:sk:snk:ar-a01ebs 
035 |a (uuid)a5c975a7-0d8c-462a-afe9-1f1192643796 
040 |a SNKBUCL  |b slo  |c SNKBUCL  |e AACR2 
041 0 |a slo 
044 |a xo  |c SK 
080 |a 78.072  |2 1997 
080 |a 929 Elschek, Oskar  |2 1997 
100 1 |a Chalupka, Ľubomír,  |d 1945-2020  |4 aut  |9 196600 
245 1 0 |a Hommage a Oskar Elschek  |c Ľubomír Chalupka 
300 |b Fotogr. 
600 1 7 |a Elschek, Oskár,  |d 1931-2026  |2 snkbucl  |9 89406 
655 7 |a články z novín a časopisov  |2 snkbucl  |9 267496 
773 0 |t Hudobný život  |g Roč. 33, č. 6 (2001), s. 4-5  |x 1335-4140 
850 |a Slovenská národná knižnica 
852 |a Slovenská národná knižnica 
954 |a odborná, vedecká literatúra pôvodná (slovenská)  |2 lita 
958 |a article27 
958 |a OND 
958 |a SK 
958 |a BX 
958 |a EUIPO 
992 |a RBX 
999 |c 3232071  |d 3234001